Dopad monetárnej politiky ECB na dlhové financovanie európskych podnikov dizertačná práca

Salvato in:
Dettagli Bibliografici
Autore principale: Frívaldský, Marián, 1992-
Ente Autore: Podnikovohospodárska fakulta EU so sídlom v Košiciach. Katedra kvantitatívnych metód
Altri autori: Verner, Robert, 1986-
Natura: Libro
Lingua:slovacco
Pubblicazione: Košice 2025
Soggetti:
Tags: Aggiungi Tag
Nessun Tag, puoi essere il primo ad aggiungerne!!

MARC

LEADER 00000nbm a2200000 4500
001 0313606
005 20260102094454.4
041 0 |a slo 
044 |a SK 
245 1 0 |a Dopad monetárnej politiky ECB na dlhové financovanie európskych podnikov  |b dizertačná práca  |c Marián Frívaldský ; školiteľ: Robert Verner 
264 1 |a Košice  |c 2025 
300 |a 126 s. 
610 2 0 |a Európska centrálna banka 
610 2 0 |a politika menová 
610 2 0 |a financovanie 
610 2 0 |a výkonnosť podniku 
610 2 0 |a efektívnosť 
100 1 |a Frívaldský, Marián, 1992- 
700 1 |a Verner, Robert, 1986- 
710 2 |a Podnikovohospodárska fakulta EU so sídlom v Košiciach. Katedra kvantitatívnych metód